000 00684nam a22002297a 4500
005 20170124110017.0
010 _a793873
020 _c00.00
_a718108035
035 _a793873
037 _bCen Lib/Ret
040 _aDPL
_bEN
082 _a301.424
_bLAN
100 _aLang, Theo
_919011
245 _aDifference between a man and a woman /
_cby Theo Lang
260 _aLondon
_bMichael Joseph
_c1971
270 _bLondon
_a52, bedford square
300 _a413p.
_c20cm(Hb)
500 _aIncludes bibliographical references and index
650 _aSocial science
_988662
650 _aDifference
_xMan & Women
_919013
942 _2ddc
_cEN
_h301.424
_mLAN
999 _c126969
_d126969